| 000 | 01140cab a2200433 4500 | ||
|---|---|---|---|
| 001 | ABS52705 | ||
| 008 | 090401t1995 xxu||||| |||| 00| 0 eng d | ||
| 035 | _a(Sirsi) u92096 | ||
| 041 | _aeng | ||
| 245 | _aMarket report: Bedfordshire and Buckinghamshire | ||
| 260 | _c1995 | ||
| 350 | _a0 | ||
| 490 |
_aProperty Week _v51(2) 13 April 1995, 32-50(9) |
||
| 650 | _aAYLESBURY | ||
| 650 | _aBANBURY | ||
| 650 | _aBEDFORD | ||
| 650 | _aBEDFORDSHIRE | ||
| 650 | _aBICESTER | ||
| 650 | _aBUCKINGHAMSHIRE | ||
| 650 | _aBUSINESS PARKS | ||
| 650 | _aCOMMISSION FOR THE NEW TOWNS | ||
| 650 | _aDEMOGRAPHICS | ||
| 650 | _aDUNSTABLE | ||
| 650 | _aHIGH WYCOMBE | ||
| 650 | _aLEAMINGTON SPA | ||
| 650 | _aLUTON | ||
| 650 | _aMILTON KEYNES | ||
| 650 | _aNUNEATON | ||
| 650 | _aOXFORD | ||
| 650 | _aOXFORDSHIRE | ||
| 650 | _aPLANNING ISSUES | ||
| 650 | _aPROPERTY-COMMERCIAL PROPERTY-RETAIL PROPERTY-RETAIL PROPERTY MARKET | ||
| 650 | _aRUGBY | ||
| 650 | _aTRANSPORT ISSUES | ||
| 650 | _aWARWICKSHIRE | ||
| 690 | _aPROPERTY-COMMERCIAL PROPERTY-COMMERCIAL PROPERTY MARKET | ||
| 942 | _n0 | ||
| 948 | _c04/03/1997 | ||
| 999 |
_c58390 _d58390 |
||